[Event "Jm KP I 24-25 Kurim A-Veseli"]
[Site "MyTown"]
[Date "2024.12.08"]
[Round "19.8"]
[White "Uricar, Zdenek"]
[Black "Horak, Bronislav"]
[Result "1-0"]
[WhiteElo "1899"]
[BlackElo "1929"]
[PlyCount "127"]

1. d4 f5 2. c4 Nf6 3. g3 e6 4. Bg2 Be7 5. Nc3 O-O 6. Nf3 d6 7. O-O h6 8. Qc2
Nc6 9. d5 exd5 10. cxd5 Nb4 11. Qb3 Na6 12. Nd4 Nc5 13. Qc2 Ne8 14. b4 Bf6 15.
Be3 Na6 16. a3 Qe7 17. Rac1 Be5 18. f4 Bf6 19. Bf2 g6 20. Ncb5 Kh7 21. Rfe1
Bxd4 22. Bxd4 Bd7 23. Qd3 Qf7 24. Bb2 Bxb5 25. Qxb5 Rb8 26. Bd4 c6 27. dxc6
Nac7 28. Qa4 b5 29. Qc2 Ne6 30. Bf2 Nf6 31. Qd3 Qc7 32. e4 Nxe4 33. Bxe4 fxe4
34. Qxe4 Ng7 35. Qe7 Rf7 36. Qe2 Nf5 37. Qd3 Re7 38. Qd5 Rxe1+ 39. Rxe1 Kg7 40.
Re6 a6 41. g4 Ne7 42. Qxd6 Qxd6 43. Rxd6 Rc8 44. Rd7 Kf6 45. Rd6+ Kf7 46. c7
Rxc7 47. Rxa6 Nd5 48. Bg3 Rc2 49. Ra7+ Ke6 50. Rg7 Kf6 51. Rb7 Ne3 52. g5+ hxg5
53. fxg5+ Kxg5 54. Rxb5+ Kg4 55. Rc5 Rg2+ 56. Kh1 Ra2 57. Rc1 Rxa3 58. Rb1 Nf5
59. Be5 Kf3 60. b5 Re3 61. Bc7 Re2 62. b6 Ne3 63. b7 Ng4 64. Bg3 1-0

[Event "Jm KP I 24-25 Duras B-Jundrov C"]
[Site "?"]
[Date "2024.12.08"]
[Round "20.1"]
[White "Novy, Martin"]
[Black "Bednar, Jakub"]
[Result "0-1"]
[WhiteElo "2093"]
[BlackElo "2168"]
[PlyCount "108"]
[EventDate "2022.02.06"]

1. d4 Nf6 2. Nf3 e6 3. g3 b6 4. Bg2 Bb7 5. O-O Be7 6. c4 d6 7. Nc3 O-O 8. Qc2
c5 9. b3 Qc8 10. Bb2 Nc6 11. Rad1 d5 12. cxd5 Nb4 13. Qb1 Nbxd5 14. dxc5 Nxc3
15. Bxc3 Ne4 16. Bb2 Nxc5 17. Ne1 a5 18. Nd3 Bxg2 19. Kxg2 a4 20. Bd4 axb3 21.
axb3 Ra3 22. Bxc5 bxc5 23. Nc1 Qb7+ 24. f3 c4 25. b4 Qxb4 26. Qe4 Qc5 27. Rd2
Re3 28. Qd4 Qxd4 29. Rxd4 Rc8 30. Rd2 f5 31. Rc2 Rc5 32. Rd1 Rd5 33. Rcd2 Rxd2
34. Rxd2 Bf6 35. Kf2 Ra3 36. Rc2 Rc3 37. Rxc3 Bxc3 38. Ke3 Kf7 39. Na2 Bf6 40.
Nb4 Ke7 41. Kd2 Kd6 42. Nc2 Kc5 43. e3 h5 44. Ne1 g5 45. Ng2 g4 46. fxg4 hxg4
47. Nf4 Kd6 48. Ng2 Be5 49. e4 Bd4 50. exf5 exf5 51. Nf4 Ke5 52. h3 gxh3 53.
Nxh3 Ke4 54. Ke2 Be3 0-1

[Event "Jm KP I 24-25 Duras B-Jundrov C"]
[Site "?"]
[Date "2024.12.08"]
[Round "20.2"]
[White "Svobodova, Michaela"]
[Black "Tikovsky, Alexandr"]
[Result "0-1"]
[WhiteElo "2001"]
[BlackElo "2081"]
[PlyCount "128"]
[EventDate "2022.02.06"]

1. e4 c6 2. d4 d5 3. exd5 cxd5 4. Bd3 Nc6 5. c3 Qc7 6. h3 g6 7. Nf3 Bf5 8. Be2
Nf6 9. O-O h6 10. Re1 e6 11. Nbd2 Bd6 12. Bb5 g5 13. Ne5 O-O 14. Ndf3 Ne4 15.
Nd3 Nd8 16. Nfe5 f6 17. Ng4 Qh7 18. Ne3 Bg6 19. c4 a6 20. Ba4 dxc4 21. Nxc4 b5
22. Nxd6 Nxd6 23. Bc2 Rc8 24. Bb1 Rxc1 25. Qxc1 Bxd3 26. Bxd3 Qxd3 27. Qc7 Nf5
28. Rad1 Qc4 29. Qd7 Qd5 30. Qxd5 exd5 31. g4 Nd6 32. Rc1 Rf7 33. Rc5 Kf8 34.
Rxd5 Re7 35. Rc1 Rd7 36. f3 Ke7 37. Rdc5 Ne6 38. Re1 Kf7 39. Rd5 Nf4 40. Rc5
Nd3 41. Rd1 Nxb2 42. Rb1 Nbc4 43. Kf2 a5 44. h4 Re7 45. hxg5 hxg5 46. Rh1 Kg7
47. Rc6 Rb7 48. Ra6 a4 49. Ra8 Nf7 50. Re1 Nb6 51. Rae8 Nd5 52. Ra8 Rc7 53. Rb8
b4 54. Ree8 Rc2+ 55. Ke1 f5 56. gxf5 Rxa2 57. Re6 Nf4 58. f6+ Kg6 59. Re7 b3
60. Reb7 b2 61. Kd1 a3 62. Kc2 Ra1 63. Rb3 Rc1+ 64. Kd2 a2 0-1

[Event "Jm KP I 24-25 Duras B-Jundrov C"]
[Site "?"]
[Date "2024.12.08"]
[Round "20.3"]
[White "Kredl, Karel"]
[Black "Ruzicka, Frantisek"]
[Result "1/2-1/2"]
[WhiteElo "2050"]
[BlackElo "2036"]
[PlyCount "128"]
[EventDate "2022.02.06"]

1. e4 c5 2. Nc3 Nc6 3. Bb5 g6 4. Bxc6 bxc6 5. d4 cxd4 6. Qxd4 f6 7. Be3 Nh6 8.
Nf3 Nf7 9. h4 Bg7 10. h5 e5 11. Qa4 g5 12. O-O-O O-O 13. Kb1 h6 14. Nh2 Qe7 15.
Nf1 d6 16. Qxc6 Be6 17. Nd5 Bxd5 18. Qxd5 Rfc8 19. Ng3 Rab8 20. Rc1 Qd7 21. Nf5
Rb5 22. Qd3 Rcb8 23. b3 Bf8 24. Rhd1 a5 25. Rd2 a4 26. f3 Qb7 27. c4 Ra5 28.
Rb2 d5 29. cxd5 Ba3 30. Rcc2 Bxb2 31. Rxb2 Rb5 32. d6 axb3 33. Rxb3 Rxb3+ 34.
axb3 Qxb3+ 35. Qxb3 Rxb3+ 36. Kc2 Rb7 37. Bc5 Kh7 38. Kc3 Nd8 39. Kc4 Rb1 40.
Be3 Rd1 41. Bb6 Nf7 42. Bc7 Kg8 43. Kc5 Kf8 44. Kc6 Ke8 45. Ng7+ Kf8 46. Ne6+
Ke8 47. Ng7+ Kf8 48. Nf5 Ke8 49. Bb6 Nd8+ 50. Bxd8 Kxd8 51. Nxh6 Rc1+ 52. Kd5
Kd7 53. Nf5 Rd1+ 54. Kc5 Rg1 55. Ne3 Rh1 56. Kd5 Re1 57. Ng4 Rd1+ 58. Kc5 Rxd6
59. h6 Ke6 60. Nxf6 Rd8 61. Ng4 Rc8+ 62. Kb4 Rc7 63. Kb3 Rc8 64. Kb2 Rc7
1/2-1/2

[Event "Jm KP I 24-25 Duras B-Jundrov C"]
[Site "?"]
[Date "2024.12.08"]
[Round "20.4"]
[White "Sipek, Oldrich"]
[Black "Tuma, Miroslav"]
[Result "1/2-1/2"]
[WhiteElo "1910"]
[BlackElo "1871"]
[PlyCount "28"]
[EventDate "2022.02.06"]

1. e4 c5 2. d4 cxd4 3. c3 dxc3 4. Nxc3 Nc6 5. Nf3 d6 6. Bc4 e6 7. Qe2 Nf6 8.
O-O Be7 9. Rd1 Qa5 10. Nb5 O-O 11. Nxd6 Bxd6 12. Rxd6 Ne5 13. Bf4 Nxc4 14. Qxc4
Bd7 1/2-1/2

[Event "Jm KP I 24-25 Duras B-Jundrov C"]
[Site "?"]
[Date "2024.12.08"]
[Round "20.5"]
[White "Luc, Martin"]
[Black "Rysanek, Jakub"]
[Result "0-1"]
[WhiteElo "1920"]
[BlackElo "1959"]
[PlyCount "76"]
[EventDate "2022.02.06"]

1. e4 e5 2. Nf3 Nf6 3. Nxe5 d6 4. Nf3 Nxe4 5. Nc3 Nxc3 6. dxc3 Be7 7. Bd3 Nc6
8. Be3 Bg4 9. h3 Bh5 10. g4 Bg6 11. Qd2 Ne5 12. Nxe5 dxe5 13. O-O-O Qd7 14. Qe2
Bxd3 15. Rxd3 Qe6 16. Kb1 O-O 17. h4 b5 18. g5 a5 19. h5 b4 20. g6 e4 21. Rdd1
bxc3 22. h6 fxg6 23. Bd4 Bf6 24. hxg7 Bxg7 25. Bxg7 Kxg7 26. Qe3 Kg8 27. Qxc3
Rf7 28. Rd2 Raf8 29. Qxa5 Qc6 30. Qb4 e3 31. Rdd1 exf2 32. Qb3 Qf3 33. Qc4 Kg7
34. Qd4+ Qf6 35. Qxf6+ Rxf6 36. Rdf1 g5 37. Rh2 Re6 38. Rhxf2 Rxf2 0-1

[Event "Jm KP I 24-25 Duras B-Jundrov C"]
[Site "?"]
[Date "2024.12.08"]
[Round "20.6"]
[White "Sipek, Michal"]
[Black "Fencl, Vaclav"]
[Result "1/2-1/2"]
[WhiteElo "1925"]
[BlackElo "1903"]
[PlyCount "41"]
[EventDate "2022.02.06"]

1. c4 c5 2. Nf3 Nc6 3. g3 Nf6 4. Nc3 d5 5. cxd5 Nxd5 6. Nxd5 Qxd5 7. Bg2 e5 8.
d3 Be7 9. O-O O-O 10. Bg5 Qd8 11. Bxe7 Qxe7 12. Qc2 Be6 13. b3 Rac8 14. Qb2 f6
15. Rac1 Nd4 16. Rfe1 Qd7 17. Rc3 Nb5 18. Rc2 Nd4 19. Rc3 Nb5 20. Rc2 Nd4 21.
Rc3 1/2-1/2

[Event "Jm KP I 24-25 Duras B-Jundrov C"]
[Site "?"]
[Date "2024.12.08"]
[Round "20.7"]
[White "Hyrs, Martin"]
[Black "Velim, Vojtech"]
[Result "1-0"]
[WhiteElo "1877"]
[BlackElo "1942"]
[PlyCount "99"]
[EventDate "2022.02.06"]

1. d4 Nf6 2. Nf3 e6 3. c4 b6 4. g3 Bb7 5. Bg2 c5 6. O-O Be7 7. Nc3 cxd4 8. Qxd4
Nc6 9. Qf4 d6 10. e4 a6 11. Rd1 Qc7 12. b3 O-O 13. Bb2 Rfd8 14. Rd2 Nd7 15.
Rad1 Nde5 16. Qe3 h6 17. Qe2 Nxf3+ 18. Bxf3 Bg5 19. Rc2 Nb4 20. h4 Nxc2 21.
hxg5 Nb4 22. gxh6 f6 23. Bh5 Bc8 24. Qf3 Nc6 25. hxg7 Qe7 26. Na4 Ne5 27. Qe3
b5 28. cxb5 axb5 29. Nb6 Rb8 30. Nxc8 Rbxc8 31. f4 Nc6 32. Kg2 Qxg7 33. Qb6 e5
34. f5 b4 35. Bg6 Qa7 36. Qb5 Kg7 37. Qd5 Rc7 38. Rh1 Rh8 39. Rxh8 Kxh8 40.
Qxd6 Kg7 41. Kh3 Ne7 42. Bxe5 Nd5 43. exd5 fxe5 44. Qxe5+ Kg8 45. Qe8+ Kg7 46.
Qe5+ Kg8 47. f6 Rh7+ 48. Kg4 Qd7+ 49. Bf5 Qb5 50. Bxh7+ 1-0

[Event "Jm KP I 24-25 Duras B-Jundrov C"]
[Site "?"]
[Date "2024.12.08"]
[Round "20.8"]
[White "Tovarek, Antonin"]
[Black "Borkovec, Ondrej"]
[Result "0-1"]
[WhiteElo "1875"]
[BlackElo "1788"]
[PlyCount "84"]
[EventDate "2022.02.06"]

1. e4 c5 2. f4 e5 3. d3 Nc6 4. Nf3 exf4 5. Bxf4 Nf6 6. Nc3 d5 7. exd5 Nxd5 8.
Nxd5 Qxd5 9. h3 Be7 10. g4 Bh4+ 11. Nxh4 Qxh1 12. Qe2+ Be6 13. O-O-O Qd5 14. c4
Qd8 15. Nf5 O-O 16. Nd6 Nd4 17. Qe4 Qa5 18. Kb1 b5 19. Nb7 Qb6 20. Bd6 f5 21.
gxf5 Bxf5 22. Qg2 Rfe8 23. Bxc5 Qf6 24. Qd5+ Ne6 25. Bd4 Qxd4 26. Qxf5 bxc4 27.
Rc1 Qb6 28. Na5 Rf8 29. Qd5 Rad8 30. Qxc4 Kh8 31. Nb3 Nf4 32. Qe4 Rde8 33. Qc4
Qe3 34. h4 Qe7 35. Qd4 Qxh4 36. Qxa7 Re1 37. Qd4 Rxc1+ 38. Nxc1 Qe1 39. Qd6 Ng6
40. Bg2 Rc8 41. Bc6 Ne7 42. Qd7 h6 0-1

[Event "Jm KP I 24-25 Hustopece-Univerzita B"]
[Site "?"]
[Date "2024.12.08"]
[Round "21.1"]
[White "Hajek, Oskar"]
[Black "Gajdos, Daniel"]
[Result "1-0"]
[WhiteElo "2251"]
[BlackElo "2095"]
[PlyCount "129"]
[EventDate "2024.??.??"]

{[%evp 0,32,19,31,14,5,20,21,15,1,18,18,31,28,36,8,42,40,40,40,61,43,47,32,61,
56,42,41,32,43,45,44,33,3,3]} 1. d4 1... Nf6 2. Nc3 d5 3. Bf4 e6 4. Nb5 Na6 5.
e3 c6 6. Nc3 Bb4 7. Nge2 Ne4 8. f3 Nxc3 9. Nxc3 Qa5 10. Qd2 O-O 11. Be2 c5 12.
O-O cxd4 13. exd4 Bd7 14. a3 Bxc3 15. bxc3 Bb5 16. Bxb5 Qxb5 17. Rab1 Qc6 18.
h4 Rfc8 19. Rb3 Nc7 20. Rfb1 b6 21. h5 Ne8 22. h6 g6 23. Re1 Qd7 24. Bg5 Rc6
25. Qe3 Rac8 26. g4 f6 27. Bf4 g5 28. Bg3 Qf7 29. Re2 Qg6 30. Rh2 Kf7 31. a4
Nd6 32. Bxd6 Rxd6 33. a5 Rdc6 34. axb6 Rxb6 35. Rxb6 axb6 36. Re2 f5 37. Qe5
fxg4 38. Qd6 Re8 39. fxg4 Kg8 40. Qc6 Re7 41. Rf2 Qe8 42. Qxb6 Rf7 43. Rxf7
Kxf7 44. Qc7+ Qe7 45. Qxe7+ Kxe7 46. Kf2 Kf6 47. Ke3 Kg6 48. Kd3 Kxh6 49. c4
dxc4+ 50. Kxc4 Kg6 51. Kd3 h5 52. gxh5+ Kxh5 53. c4 Kh4 54. c5 g4 55. Ke2 Kh3
56. c6 g3 57. c7 g2 58. c8=Q g1=Q 59. Qxe6+ Qg4+ 60. Qxg4+ Kxg4 61. Kd3 Kf5 62.
Kc4 Ke6 63. Kc5 Ke7 64. Kc6 Ke8 65. Kc7 1-0

[Event "Jm KP I 24-25 Hustopece-Univerzita B"]
[Site "?"]
[Date "2024.12.08"]
[Round "21.2"]
[White "Ibrahim, Emad Eldin"]
[Black "Kuchynka, Lukas"]
[Result "1/2-1/2"]
[WhiteElo "2031"]
[BlackElo "2270"]
[PlyCount "86"]
[EventDate "2024.??.??"]

1. e4 b6 2. d4 Bb7 3. Bd3 Nf6 4. Qe2 Nc6 5. c3 e5 6. d5 Ne7 7. Nf3 Ng6 8. h4 h5
9. g3 Bc5 10. Bg5 c6 11. c4 Qe7 12. O-O Nf8 13. a3 N8h7 14. b4 Bd6 15. Be3 Ng4
16. Nc3 Nxe3 17. Qxe3 Nf6 18. Nh2 Rc8 19. Na4 cxd5 20. cxd5 O-O 21. Rfc1 g6 22.
Nb2 Rfd8 23. Nc4 Ne8 24. Nf3 Bc7 25. Qh6 Qf6 26. Be2 Nd6 27. Ng5 Nxc4 28. Rxc4
Qg7 29. Qxg7+ Kxg7 30. Rac1 Bd6 31. Kf1 Rxc4 32. Rxc4 Rc8 33. f3 Rxc4 34. Bxc4
a5 35. bxa5 bxa5 36. a4 Bc8 37. Nh3 Bc5 38. Nf2 d6 39. Bb5 f6 40. Kg2 Be3 41.
Nd3 Bd4 42. Nf2 Be3 43. Nd3 Bd4 1/2-1/2

[Event "Jm KP I 24-25 Hustopece-Univerzita B"]
[Site "?"]
[Date "2024.12.08"]
[Round "21.3"]
[White "Markovic, Ivan"]
[Black "Kisa, LubomA r"]
[Result "1/2-1/2"]
[WhiteElo "1976"]
[BlackElo "2156"]
[PlyCount "43"]

1. e4 e5 2. Bc4 Nc6 3. Nc3 Bc5 4. Qg4 g6 5. Qf3 Nf6 6. Nge2 d6 7. h3 Be6 8. d3
Nd7 9. Nd5 Nb4 10. Bb3 c6 11. a3 Na6 12. Ne3 Bxb3 13. cxb3 Bxe3 14. Bxe3 Nac5
15. Bxc5 dxc5 16. O-O Qg5 17. Rad1 O-O 18. b4 cxb4 19. axb4 a5 20. bxa5 Rxa5
21. d4 Re8 22. d5 1/2-1/2

[Event "Jm KP I 24-25 Hustopece-Univerzita B"]
[Site "?"]
[Date "2024.12.08"]
[Round "21.4"]
[White "Moulis, Mojmir"]
[Black "Vaculik, Martin"]
[Result "1/2-1/2"]
[WhiteElo "2032"]
[BlackElo "1958"]
[PlyCount "90"]
[EventDate "2024.??.??"]

{[%evp 0,12,20,25,41,42,5,5,17,-13,-13,-29,-18,-20,0]} 1. e4 1... e5 2. Nf3 Nc6
3. Bc4 Nf6 4. Qe2 Bc5 5. c3 d6 6. d3 a5 7. Be3 Bxe3 8. fxe3 O-O 9. O-O d5 10.
exd5 Nxd5 11. Nbd2 Re8 12. Ne4 h6 13. Nfg5 Be6 14. Qh5 Qd7 15. Nc5 Qe7 16.
Ncxe6 fxe6 17. Nxe6 Qxe6 18. e4 Nce7 19. exd5 Qd6 20. Rae1 b5 21. Bb3 a4 22.
Bc2 Nxd5 23. d4 Nf6 24. Qg6 e4 25. Re3 Re7 26. Qf5 c5 27. Qxc5 Qxc5 28. dxc5
Re5 29. Rfe1 Rxc5 30. Bxe4 Nxe4 31. Rxe4 Rd8 32. Re8+ Rxe8 33. Rxe8+ Kf7 34.
Re4 a3 35. bxa3 Rxc3 36. a4 bxa4 37. Rxa4 Rc2 38. Ra7+ Kg6 39. a4 Ra2 40. h3
Kf6 41. a5 Kg6 42. a6 Kh7 43. Ra8 Kg6 44. a7 Kh7 45. Kh2 Ra3 1/2-1/2

[Event "Jm KP I 24-25 Hustopece-Univerzita B"]
[Site "?"]
[Date "2024.12.08"]
[Round "21.5"]
[White "Urban, Vlastimil"]
[Black "Hladik, Josef"]
[Result "1/2-1/2"]
[WhiteElo "1932"]
[BlackElo "2001"]
[PlyCount "45"]

1. d4 d5 2. c4 e6 3. Nc3 Nf6 4. Bg5 Nbd7 5. cxd5 exd5 6. Nf3 c6 7. e3 Be7 8.
Bd3 O-O 9. O-O Re8 10. h3 Nh5 11. Bxe7 Qxe7 12. Nd2 g6 13. Re1 Ndf6 14. a3 Ng7
15. e4 dxe4 16. Ndxe4 Nxe4 17. Bxe4 Bf5 18. d5 cxd5 19. Bxd5 Qxe1+ 20. Qxe1
Rxe1+ 21. Rxe1 Be6 22. Rd1 Kf8 23. Bxe6 1/2-1/2

[Event "Jm KP I 24-25 Hustopece-Univerzita B"]
[Site "?"]
[Date "2024.12.08"]
[Round "21.6"]
[White "Riha, Otmar"]
[Black "Kuchynka, Lubos"]
[Result "1/2-1/2"]
[WhiteElo "1928"]
[BlackElo "1945"]
[PlyCount "33"]

1. d4 Nf6 2. Nf3 g6 3. c4 Bg7 4. Nc3 d5 5. Qb3 dxc4 6. Qxc4 O-O 7. e4 c6 8. h3
b6 9. Be3 Ba6 10. Qb3 Qc8 11. Bxa6 Nxa6 12. Rc1 Qb7 13. Nd2 Rac8 14. O-O Rfd8
15. Rfd1 h6 16. f4 e6 17. Nf3 1/2-1/2

[Event "Jm KP I 24-25 Hustopece-Univerzita B"]
[Site "?"]
[Date "2024.12.08"]
[Round "21.7"]
[White "Naplava, Petr"]
[Black "Zerdaloglu, Vasilis"]
[Result "1-0"]
[WhiteElo "1932"]
[BlackElo "1760"]
[PlyCount "53"]

1. e4 e5 2. Nf3 Nc6 3. Bb5 a6 4. Ba4 b5 5. Bb3 Be7 6. O-O Nf6 7. Re1 O-O 8. c3
d6 9. d4 Bg4 10. Qd3 Bxf3 11. gxf3 Na5 12. Bc2 c5 13. d5 Nh5 14. Kh1 Bg5 15.
Bxg5 Qxg5 16. Rg1 Qh4 17. Qf1 Nf4 18. Rg3 g6 19. Nd2 c4 20. Qe1 Nb7 21. Nf1 Nc5
22. Rd1 Kh8 23. Ne3 h5 24. Qd2 Ncd3 25. Bxd3 Nxd3 26. Nf5 g5 27. Nxh4 1-0

[Event "Jm KP I 24-25 Sloup-Orechov"]
[Site "Sloup, Hotel Brousek, board 1"]
[Date "2024.12.08"]
[Round "22.1"]
[White "Pokladnik, Martin"]
[Black "Lakatos, Tomas"]
[Result "1/2-1/2"]
[WhiteElo "2017"]
[BlackElo "2110"]
[PlyCount "51"]

1. e4 d5 2. exd5 Qxd5 3. Nc3 Qd6 4. d4 Nf6 5. Nf3 Bg4 6. h3 Bh5 7. g4 Bg6 8.
Ne5 c6 9. h4 Nbd7 10. Nxd7 Qxd7 11. h5 Qe6+ 12. Be2 Be4 13. Nxe4 Nxe4 14. Rh3
Qf6 15. f4 O-O-O 16. Be3 g5 17. f5 e5 18. c3 Bc5 19. Qc2 exd4 20. cxd4 Bb4+ 21.
Kf1 Rxd4 22. Bxd4 Qxd4 23. Bf3 Nd2+ 24. Kg2 Nxf3 25. Rxf3 Qxg4+ 26. Rg3 1/2-1/2

[Event "Jm KP I 24-25 Sloup-Orechov"]
[Site "Sloup, Hotel Brousek, board 2"]
[Date "2024.12.08"]
[Round "22.2"]
[White "Messerschmidt, Stanislav"]
[Black "Bohacek, Milan"]
[Result "0-1"]
[WhiteElo "1950"]
[BlackElo "1981"]
[PlyCount "117"]

1. e4 d6 2. d4 Nf6 3. Nc3 g6 4. Be2 Bg7 5. h4 h5 6. Bg5 Nbd7 7. Nf3 c6 8. e5
dxe5 9. dxe5 Ng4 10. e6 Nde5 11. Qxd8+ Kxd8 12. Nxe5 Nxe5 13. exf7 Nxf7 14. Bd2
Bf5 15. O-O-O Ke8 16. f3 Ne5 17. Bf4 Bh6 18. Bg5 Kf7 19. Rde1 Bxg5+ 20. hxg5
Nd7 21. Bc4+ e6 22. Rh4 Kg7 23. Ne4 b5 24. Rd1 Rad8 25. Be2 Nb6 26. Nc5 e5 27.
Ne4 Rxd1+ 28. Kxd1 Bxe4 29. Rxe4 Rd8+ 30. Kc1 Rd5 31. b3 Nd7 32. c4 bxc4 33.
Bxc4 Rd4 34. Re2 Rd6 35. Kc2 Kf8 36. a4 a5 37. Re4 Rd4 38. Re2 Ke7 39. Bd3 Kf7
40. Be4 Rd6 41. Bd3 Rd4 42. Kc3 Rd6 43. Re4 Ke6 44. Rc4 Kf7 45. b4 axb4+ 46.
Rxb4 Nc5 47. Bc4+ Ke7 48. a5 Rd1 49. a6 Ra1 50. Rb7+ Kd6 51. Rg7 Nxa6 52. Bd3
Nc7 53. Rxg6+ Kc5 54. Rh6 Rg1 55. Rxh5 Rxg2 56. g6 Nd5+ 57. Kb3 Kd4 58. Be4 Nf4
59. Rh4 {White lost on time.} 0-1

[Event "Jm KP I 24-25 Sloup-Orechov"]
[Site "Sloup, Hotel Brousek, board 3"]
[Date "2024.12.08"]
[Round "22.3"]
[White "Sevcik, Leos"]
[Black "Kubat, Pavel"]
[Result "0-1"]
[WhiteElo "1980"]
[BlackElo "1900"]
[PlyCount "64"]

1. e4 d6 2. d4 Nf6 3. Bd3 e5 4. c3 c6 5. Ne2 Be7 6. O-O O-O 7. h3 Qc7 8. Be3
Nbd7 9. Nd2 d5 10. dxe5 Nxe5 11. Bf4 Bd6 12. Bxe5 Bxe5 13. f4 Bd6 14. e5 Bc5+
15. Kh1 Ne8 16. Ng3 g6 17. Nf3 Qb6 18. Qc2 Ng7 19. f5 Be3 20. fxg6 fxg6 21.
Rae1 Be6 22. Ne2 Bf2 23. Rd1 Rxf3 24. gxf3 Bxh3 25. Nf4 Bxf1 26. Rxf1 Bg3 27.
Ng2 Bxe5 28. f4 Bd6 29. f5 Nh5 30. Rf3 Ng3+ 31. Rxg3 Bxg3 32. fxg6 hxg6 0-1

[Event "Jm KP I 24-25 Sloup-Orechov"]
[Site "Sloup, Hotel Brousek, board 4"]
[Date "2024.12.08"]
[Round "22.4"]
[White "Kubicek, Pavel"]
[Black "Moc, Roman"]
[Result "1/2-1/2"]
[WhiteElo "1937"]
[BlackElo "1952"]
[PlyCount "160"]

1. e4 c5 2. Nf3 d6 3. c3 Nf6 4. Be2 Nc6 5. d3 g6 6. O-O Bg7 7. Bg5 O-O 8. Qd2
Qc7 9. Bh6 b5 10. Bxg7 Kxg7 11. Na3 a6 12. Nc2 Bb7 13. Ne3 e6 14. Nh4 Ne7 15.
f4 c4 16. dxc4 Nxe4 17. Qd4+ e5 18. Qd3 bxc4 19. Nxc4 Qc5+ 20. Qe3 Qxe3+ 21.
Nxe3 exf4 22. Rxf4 f5 23. g4 Ng5 24. Bf1 fxg4 25. Rxg4 Nf3+ 26. Nxf3 Bxf3 27.
Rd4 Rf6 28. Bg2 Bxg2 29. Kxg2 Raf8 30. Rf1 Rxf1 31. Nxf1 Nf5 32. Ra4 Rb8 33. b3
Rb6 34. Kf3 Rc6 35. c4 Kf6 36. Nd2 Ke6 37. Ra5 Ng7 38. Ke4 Ne8 39. Nf3 Nf6+ 40.
Kf4 Rb6 41. Ng5+ Ke7 42. Ne4 Nd7 43. Kg5 Kf7 44. Kf4 Ke7 45. Nc3 Rb8 46. Nd5+
Ke6 47. Rxa6 Rf8+ 48. Kg3 Nc5 49. Ra7 Ne4+ 50. Kg2 Rf2+ 51. Kg1 Rb2 52. Rxh7
Kf5 53. Rf7+ Ke5 54. Nf4 Rxa2 55. Nxg6+ Kd4 56. h4 Ng3 57. Rf3 Nh5 58. Ne7 Ke4
59. Rf2 Ra3 60. Rb2 Kf3 61. Nf5 Ra5 62. Rf2+ Kg4 63. Nxd6 Nf4 64. Rc2 Nd3 65.
Kf1 Kxh4 66. Ke2 Nb4 67. Rb2 Kg4 68. Kd2 Kf4 69. Kc3 Nc6 70. b4 Rh5 71. c5 Ke5
72. Nc4+ Ke6 73. Re2+ Kd7 74. Rd2+ Kc7 75. Kb3 Rh3+ 76. Ka4 Rh4 77. Rc2 Rh8 78.
b5 Ra8+ 79. Kb3 Nd4+ 80. Kc3 Nxb5+ 1/2-1/2

[Event "Jm KP I 24-25 Sloup-Orechov"]
[Site "Sloup, Hotel Brousek, board 5"]
[Date "2024.12.08"]
[Round "22.5"]
[White "Moc, Martin"]
[Black "Paral, Stanislav"]
[Result "1-0"]
[WhiteElo "1983"]
[BlackElo "1962"]
[PlyCount "119"]

1. d4 c5 2. c4 cxd4 3. Qxd4 Nc6 4. Qd1 g6 5. e3 Bg7 6. Nf3 d6 7. Be2 Nf6 8. O-O
Ne4 9. Nbd2 Nxd2 10. Qxd2 O-O 11. Rb1 Bf5 12. Bd3 Bxd3 13. Qxd3 Rc8 14. Bd2 Qc7
15. Rfc1 Rfd8 16. b4 e6 17. Qb3 Ne5 18. Nxe5 Bxe5 19. g3 Qc6 20. Bc3 Qxc4 21.
Qxc4 Rxc4 22. Bxe5 Rxc1+ 23. Rxc1 dxe5 24. Rc7 Rb8 25. b5 Kg7 26. Kf1 g5 27.
Ke2 h5 28. a4 Kg6 29. a5 e4 30. Kd2 a6 31. b6 f5 32. Kc3 Kf6 33. Kc4 Ke5 34.
Kc5 g4 35. Rh7 Rc8+ 36. Kb4 Rb8 37. Rxh5 Kd5 38. Rh7 Kd6 39. Kc4 Rc8+ 40. Kb4
Rb8 41. Rc7 Kd5 42. Kc3 e5 43. Kb4 Ke6 44. Kc5 f4 45. exf4 exf4 46. Kd4 fxg3
47. hxg3 Rf8 48. Rxb7 Rxf2 49. Kxe4 Ra2 50. Ra7 Ra4+ 51. Ke3 Rxa5 52. b7 Rb5
53. Rxa6+ Kd7 54. Rg6 Kc7 55. Rg7+ Kb8 56. Kf4 Rb4+ 57. Kg5 Ka7 58. Kh5 Kb8 59.
Rxg4 Rxb7 60. Rc4 1-0

[Event "Jm KP I 24-25 Sloup-Orechov"]
[Site "Sloup, Hotel Brousek, board 6"]
[Date "2024.12.08"]
[Round "22.6"]
[White "Borovsky, Adam"]
[Black "Skocik, Marek"]
[Result "1/2-1/2"]
[WhiteElo "1936"]
[BlackElo "1980"]
[PlyCount "61"]

1. c4 e5 2. Nf3 Nc6 3. Nc3 Nf6 4. d4 exd4 5. Nxd4 Be7 6. e4 d6 7. Be2 O-O 8.
O-O Bd7 9. Be3 Re8 10. f3 h6 11. Qd2 Bf8 12. Rfd1 a6 13. Rac1 Nxd4 14. Qxd4 Qe7
15. Bf1 Qe5 16. Nd5 Nxd5 17. cxd5 c5 18. dxc6 Bxc6 19. Bf2 Red8 20. Bc4 Be7 21.
b3 Rd7 22. Bd5 Bxd5 23. Qxd5 Qxd5 24. Rxd5 f6 25. Bg3 Kf7 26. Rcd1 Ke6 27. f4
Rad8 28. f5+ Kf7 29. Kf2 Rc7 30. Kf3 Rc6 31. Bf4 1/2-1/2

[Event "Jm KP I 24-25 Sloup-Orechov"]
[Site "Sloup, Hotel Brousek, board 7"]
[Date "2024.12.08"]
[Round "22.7"]
[White "Balaz, Frantisek"]
[Black "Bucek, Miroslav"]
[Result "1/2-1/2"]
[WhiteElo "1897"]
[BlackElo "1757"]
[PlyCount "121"]

1. e4 e5 2. Nf3 Nc6 3. Bc4 Nf6 4. O-O Nxe4 5. d4 d5 6. Bb5 Bd7 7. dxe5 Nxe5 8.
Bxd7+ Nxd7 9. Qxd5 Nef6 10. Qxb7 Be7 11. b3 O-O 12. Ba3 Re8 13. Bxe7 Rxe7 14.
Nc3 c6 15. Rad1 Qe8 16. Qa6 Nb6 17. h3 Nbd5 18. Qc4 Nxc3 19. Qxc3 Nd5 20. Qc5
h6 21. Rfe1 Rxe1+ 22. Rxe1 Qf8 23. Qxf8+ Kxf8 24. c4 Nf4 25. Ne5 Rc8 26. Rd1
Ke7 27. Re1 Ne6 28. g3 f6 29. Nd3 Kd6 30. Rd1 Kc7 31. Nb4 a5 32. Nc2 c5 33. Re1
Kd6 34. Ne3 Nd4 35. Kg2 a4 36. Rd1 Ke5 37. Re1 Kd6 38. bxa4 Ra8 39. Rb1 Kc6 40.
Nd5 Rxa4 41. Rb6+ Kd7 42. Rxf6 Rxc4 43. Rxh6 Rc2 44. Ra6 Nc6 45. h4 Ne5 46. Ne3
Rb2 47. Ra3 Kc6 48. g4 c4 49. Ra5 Nd3 50. Nxc4 Rxf2+ 51. Kg3 Rc2 52. Ne3 Rc3
53. Kf3 Nb4 54. Kf4 Kb6 55. Nd5+ Kxa5 56. Nxc3 Nc6 57. Kf5 Ne7+ 58. Ke6 Ng6 59.
h5 Nh8 60. Nd5 Ka4 61. Ne7 1/2-1/2

[Event "Jm KP I 24-25 Sloup-Orechov"]
[Site "Sloup, Hotel Brousek, board 8"]
[Date "2024.12.08"]
[Round "22.8"]
[White "Sikora, Lukas"]
[Black "Helebrand, Zdenek"]
[Result "1/2-1/2"]
[WhiteElo "1928"]
[BlackElo "1885"]
[PlyCount "53"]

1. e4 g6 2. d4 Bg7 3. Nc3 c6 4. h4 d6 5. h5 Nf6 6. h6 Bf8 7. f3 Qc7 8. Be3 b5
9. Qd2 a5 10. d5 b4 11. Na4 c5 12. e5 Nfd7 13. exd6 Qxd6 14. Nxc5 Nxc5 15. Qd4
e5 16. dxe6 Qxe6 17. O-O-O Nc6 18. Bb5 Bd7 19. Qxh8 Qxe3+ 20. Kb1 Ne5 21. Bxd7+
Ncxd7 22. Nh3 O-O-O 23. Rhe1 Qxh6 24. Rxe5 Be7 25. Rxd7 Rxh8 26. Rexe7 Rd8 27.
Rc7+ 1/2-1/2

[Event "Jm KP I 24-25 Kurim B - Lipovec"]
[Site "Kurim"]
[Date "2024.12.08"]
[Round "23.1"]
[White "Krena, Bohuslav"]
[Black "Fojtik, Tomas"]
[Result "1/2-1/2"]
[WhiteElo "1946"]
[BlackElo "2050"]
[PlyCount "51"]

1. c4 c5 2. Nc3 Nf6 3. e3 Nc6 4. d4 cxd4 5. exd4 d5 6. cxd5 Nxd5 7. Bc4 Nxc3 8.
bxc3 e6 9. Nf3 Be7 10. O-O O-O 11. a4 Bd7 12. Ba3 Rc8 13. Bd3 Na5 14. Bxe7 Qxe7
15. Qc2 h6 16. Ne5 Rc7 17. Rfc1 Rfc8 18. Qb2 Qe8 19. Qb4 Nc6 20. Nxc6 Bxc6 21.
Bb5 Qd7 22. h3 Qd5 23. Bxc6 Qxc6 24. Rab1 Qa6 25. a5 b6 26. axb6 1/2-1/2

[Event "Jm KP I 24-25 Kurim B - Lipovec"]
[Site "Kurim"]
[Date "2024.12.08"]
[Round "23.2"]
[White "Pernicova, Tana"]
[Black "Keprt, Tomas"]
[Result "1/2-1/2"]
[WhiteElo "2025"]
[BlackElo "1843"]
[PlyCount "54"]

1. e4 e6 2. d4 d5 3. exd5 exd5 4. c4 c6 5. Nc3 Nf6 6. h3 h6 7. Nf3 Be6 8. cxd5
Nxd5 9. Bd3 Bd6 10. O-O O-O 11. Bc2 Nd7 12. Ne4 Bf4 13. Bxf4 Nxf4 14. Qd2 Nd5
15. Rad1 Re8 16. a3 N7f6 17. Ng3 Nb6 18. Ne5 Nc4 19. Qc3 Nxe5 20. dxe5 Nd5 21.
Qd3 g6 22. Qd2 Qh4 23. Ne4 Bf5 24. f4 Rad8 25. Qf2 Qxf2+ 26. Rxf2 Bxe4 27. Bxe4
Ne3 1/2-1/2